书目信息 |
| 题名: |
吸附分离技术
|
|
| 作者: | 冯孝庭 主编 | |
| 分册: | ||
| 出版信息: | 北京 化学工业出版社 2000.11 |
|
| 页数: | 122页 | |
| 开本: | 20cm | |
| 丛书名: | 高新技术科普丛书 | |
| 单 册: | ||
| 中图分类: | TF11-49 | |
| 科图分类: | ||
| 主题词: | 提取冶金 , 化学冶金 | |
| 电子资源: | ||
| ISBN: | 7-5025-3008-8 | |
| 000 | 00649nam0 2200229 45 | |
| 001 | 0259741840 | |
| 005 | 2002041516354075 | |
| 010 | @a7-5025-3008-8@dRMB 10.00 | |
| 100 | @a20020415d2000 km y0chiy0120 ea | |
| 101 | 0 | @achi |
| 102 | @aCN@b110000 | |
| 200 | 1 | @a吸附分离技术@AXi Fu Fen Li Ji Shu@f冯孝庭主编@FFeng Xiao Ting Zhu Bian |
| 210 | @a北京@c化学工业出版社@d2000.11 | |
| 215 | @a122页@d20cm | |
| 225 | 2 | @a高新技术科普丛书 |
| 410 | 0 | @12001 @a高新技术科普丛书 |
| 606 | 0 | @a提取冶金 |
| 606 | 0 | @a化学冶金 |
| 690 | @aTF11-49@v3 | |
| 701 | 0 | @a冯孝庭@AFeng Xiao Ting@4主编 |
| 801 | 0 | @aCN@bPFT@c20020415 |
| 905 | @a安徽大学@dTF11-49@eF526 | |
| 吸附分离技术/冯孝庭主编.-北京:化学工业出版社,2000.11 |
| 122页;20cm.-(高新技术科普丛书) |
| ISBN 7-5025-3008-8:RMB 10.00 |
| ● |
| 相关链接 |
|
|
|
正题名:吸附分离技术
索取号:TF11-49/F526
 
预约/预借
| 序号 | 登录号 | 条形码 | 馆藏地/架位号 | 状态 | 备注 |
| 1 | 353741 | 203537413 | 自科库501/501自科库 23排3列1层/ [索取号:TF11-49/F526] | 在馆 | |
| 2 | 353742 | 203537422 | 自科库501/501自科库 23排3列1层/ [索取号:TF11-49/F526] | 在馆 |